Quel est la capitale de/du: - Statistiques

Statistiques générales
  • Ce quiz a été pris 94 fois
  • Le résultat moyen est 11 sur 15
Statistiques - réponses
PAYS CAPITALE % Correct
Argentine Buenos Aires
96%
Pérou Lima
94%
République Tchèque Prague
93%
Corée du Nord Pyongyang
81%
Bolivie Sucre
79%
Venezuela Caracas
78%
Liechtenstein Vaduz
76%
Cameroun Yaoundé
72%
Madagascar Antananarivo
71%
Burkina Faso Ouagadougou
66%
Yémen Sanaa
61%
Belize Belmopan
54%
Oman Mascate
53%
Lesotho Maseru
47%
Birmanie Naypyidaw
34%
Aucun quiz correspondant
Distribution des résultats
% des personnes avec chaque résultat
Percentile par nombre de réponses
Votre historique - résultats
Vous n’avez pas pris ce quiz